A beszerzési logisztika, készletgazdálkodás és beszállítói teljesítmény szerepe a gyártási anyagellátás biztosításában

Bibliográfiai részletek
Szerző: Fekete Márk József
További közreműködők: Domboróczky Dr. Zoltán
Dokumentumtípus: Projektmunka
Kulcsszavak:beszállító-értékelés
beszerzés
készletgazdálkodás
logisztika
SAP
Online Access:http://dolgozattar.uni-bge.hu/59964

MARC

LEADER 00000nnm a2200000 i 4500
001 dolg59964
005 20260409145815.0
008 260409suuuu hu o 000 hun d
040 |a BGE Dolgozattár Repozitórium  |b hun 
041 |a hu 
100 1 |a Fekete Márk József 
245 1 2 |a A beszerzési logisztika, készletgazdálkodás és beszállítói teljesítmény szerepe a gyártási anyagellátás biztosításában  |c Fekete Márk József  |h [elektronikus dokumentum] 
516 |a Project_work 
520 3 |a Dolgozatom célja a beszerzési logisztika, a készletgazdálkodás és a beszállítói teljesítménymenedzsment integrált vizsgálata egy termelővállalat anyagellátási gyakorlatában. Atémaválasztást a logisztika tudományterületének dinamikus fejlődése, valamint saját szakmaitapasztalataim inspirálták.Elemzésem célja feltárni, hogy ezen tényezők szorosegyüttműködése miként járul hozzá a zavartalan termeléshez és a kritikusanyaghiányok minimalizálásához. Az első részben bemutatom a dolgozatom szempontjából fontos elméleti hátteret. Ezután definiálom a kutatási kérdéseimet, melyeket a képzés alatt megszerzett ismeretekkel és a kutatási eredmények alapján meg is válaszolok. 
695 |a beszállító-értékelés 
695 |a beszerzés 
695 |a készletgazdálkodás 
695 |a logisztika 
695 |a SAP 
700 1 |a Domboróczky Dr. Zoltán  |e ths 
856 4 0 |u http://dolgozattar.uni-bge.hu/59964/1/projektmunka_KBY3AB_13_jav.pdf  |z Dokumentum-elérés 
856 4 0 |u http://dolgozattar.uni-bge.hu/59964/2/titkositas_Fekete_Mark_Jozsef_uj.pdf  |z Dokumentum-elérés 
856 4 0 |u http://dolgozattar.uni-bge.hu/59964/3/Fekete_M%C3%A1rk_KM%20FOSZK%20b%C3%ADr%C3%A1lati%20lap.pdf  |z Dokumentum-elérés